Precalculus
Includes index
Gardado en:
| Autor Principal: | |
|---|---|
| Outros autores: | |
| Formato: | Libro |
| Idioma: | Undetermined |
| Publicado: |
New York
McGraw Hill Higher Education
2008
|
| Những chủ đề: | |
| Acceso en liña: | http://lrc.tdmu.edu.vn/opac/search/detail.asp?aID=2&ID=16113 |
| Các nhãn: |
Engadir etiqueta
Sen Etiquetas, Sexa o primeiro en etiquetar este rexistro!
|
| Thư viện lưu trữ: | Trung tâm Học liệu Trường Đại học Thủ Dầu Một |
|---|
| LEADER | 00754nam a2200217Ia 4500 | ||
|---|---|---|---|
| 001 | TDMU_16113 | ||
| 008 | 210410s9999 xx 000 0 und d | ||
| 082 | |a 512 | ||
| 090 | |b B109 | ||
| 100 | |a Barnett, Raymond A | ||
| 245 | 0 | |a Precalculus | |
| 245 | 0 | |c Raymond A. Barnett, Michael R. Ziegler, Karl E. Byleen | |
| 260 | |a New York | ||
| 260 | |b McGraw Hill Higher Education | ||
| 260 | |c 2008 | ||
| 300 | |a xxiv,1044 p | ||
| 520 | |a Includes index | ||
| 650 | |a Functions |v Textbooks; Algebra |x Graphic methods |v Textbooks; Đại số |x Phương pháp |v Giáo trình | ||
| 700 | |a Ziegler, Michael R | ||
| 856 | |u http://lrc.tdmu.edu.vn/opac/search/detail.asp?aID=2&ID=16113 | ||
| 980 | |a Trung tâm Học liệu Trường Đại học Thủ Dầu Một | ||